000 01924nam a2200337 a 4500
001 BRCA_2675
005 20190320203923.0
008 021208s1884----sp-a---###---#000-0dspa-u
041 _aspa
044 _asp
084 _a201
_b.A44
_c1884
100 1 _aCervantes Saavedra, Miguel de
_d1547-1616
_9213
245 1 0 _aEl Ingenioso Hidalgo Don Quijote de la Mancha
_bseguido de ´El Buscapié´
_cpor Miguel de Cervantes Saavedra.
250 _a3
260 _aBarcelona
_bJuan Aleu y Fugarull
_c1884
300 _a2 v.
_bil.
_c21 cm.
440 0 _aBiblioteca : Amena e instructiva
_97591
500 _aContenido : v 1. Primera parte. Retrato de Cervantes. Advertencia del editor. Dedicatoria del autor. Apuntes sobre la vida de Cervantes. Prólogo del autor. Versos preliminares. Texto. -- v 2. Segunda parte. Dedicatoria del autor. Prólgo del autor. El Buscapié. Texto
500 _aEdición : Tercera edición ilustrada con gran número de grabados y reproducidos de cuadros de autores contempodraneso
500 _a Tercera edición de la publicada en 1882 por el mismo editor, aumentada con El Buscapié y algunas láminas. Restituye el escudo de la primera edición y contiene la reproducción gráfica del conocido busto de Cervantes cincelado por Rosendo Nobas. Tela, lomeras y tapas ricamente decoradas con adornos en rojo y negro Lúdovik Osterc
500 _aEstado físico : El volúmen de esta edición presenta la encuadernación se encuentra ligeramente desprendida
500 _aQM1529
650 1 4 _aNovela española
_yÉpoca clásica, 1500-1700
_9215
650 1 4 _aLiteratura española
_yÉpoca clásica, 1500-1700
_9216
650 1 4 _aNovela española
_ySiglo XVII
_9217
650 1 4 _aDon Quijote (Personaje ficiticio)
_eNovela
_97592
700 1 _aOchoa y Montel, Eugenio
_d1815-1872
_eAnotador
_97593
740 0 _aEl Ingenioso Hidalgo Don Quijote de la Mancha
902 _aQFM
942 _2lcc
_cB
999 _c2415
_d2415